<?xml version="1.0" encoding="UTF-8"?>
<record
    xmlns:xsi="http://www.w3.org/2001/XMLSchema-instance"
    xsi:schemaLocation="http://www.loc.gov/MARC21/slim http://www.loc.gov/standards/marcxml/schema/MARC21slim.xsd"
    xmlns="http://www.loc.gov/MARC21/slim">

  <leader>00584nam a2200205Ia 4500</leader>
  <controlfield tag="001">16361</controlfield>
  <controlfield tag="008">170211s1958    ii a   g     b000 u asm u</controlfield>
  <datafield tag="082" ind1=" " ind2=" ">
    <subfield code="a">891.413</subfield>
  </datafield>
  <datafield tag="100" ind1=" " ind2=" ">
    <subfield code="a">Bhattacharya, Chakreswar .,</subfield>
    <subfield code="e">Author.,</subfield>
  </datafield>
  <datafield tag="245" ind1=" " ind2="0">
    <subfield code="a">Banabhattar Atmakatha /</subfield>
    <subfield code="c">Chakreswar Bhattacharya.</subfield>
    <subfield code="h">Textual Documents</subfield>
  </datafield>
  <datafield tag="250" ind1=" " ind2=" ">
    <subfield code="a">1st ed. /</subfield>
  </datafield>
  <datafield tag="260" ind1=" " ind2=" ">
    <subfield code="a">New Delhi :</subfield>
    <subfield code="b">Sahitya Academy ,</subfield>
    <subfield code="c">1958.</subfield>
  </datafield>
  <datafield tag="300" ind1=" " ind2=" ">
    <subfield code="a">320p. :</subfield>
    <subfield code="b">ill ;</subfield>
    <subfield code="c">22cm .</subfield>
  </datafield>
  <datafield tag="653" ind1=" " ind2=" ">
    <subfield code="a">Assamese</subfield>
  </datafield>
  <datafield tag="653" ind1=" " ind2=" ">
    <subfield code="a">G-Assamese</subfield>
  </datafield>
  <datafield tag="653" ind1=" " ind2=" ">
    <subfield code="a">Assamese Novel</subfield>
  </datafield>
  <datafield tag="653" ind1=" " ind2=" ">
    <subfield code="a">T/G-Assamese</subfield>
  </datafield>
  <datafield tag="700" ind1=" " ind2=" ">
    <subfield code="a">Dwivedi, Hazariprasad .</subfield>
  </datafield>
  <datafield tag="942" ind1=" " ind2=" ">
    <subfield code="2">ddc</subfield>
    <subfield code="c">BK</subfield>
  </datafield>
  <datafield tag="952" ind1=" " ind2=" ">
    <subfield code="0">0</subfield>
    <subfield code="1">0</subfield>
    <subfield code="4">0</subfield>
    <subfield code="7">0</subfield>
    <subfield code="8">General </subfield>
    <subfield code="a">SKBL</subfield>
    <subfield code="b">SKBL</subfield>
    <subfield code="c">G-Assamese</subfield>
    <subfield code="d">2012-02-01</subfield>
    <subfield code="f">00000</subfield>
    <subfield code="l">0</subfield>
    <subfield code="o">891.413 Bh 469 Ba</subfield>
    <subfield code="p">4474/As</subfield>
    <subfield code="r">2024-01-13 00:00:00</subfield>
    <subfield code="t">2</subfield>
    <subfield code="w">2012-02-01</subfield>
    <subfield code="y">BK</subfield>
  </datafield>
  <datafield tag="952" ind1=" " ind2=" ">
    <subfield code="0">0</subfield>
    <subfield code="1">0</subfield>
    <subfield code="4">0</subfield>
    <subfield code="7">0</subfield>
    <subfield code="8">General </subfield>
    <subfield code="a">SKBL</subfield>
    <subfield code="b">SKBL</subfield>
    <subfield code="c">T/G-Assamese</subfield>
    <subfield code="d">2012-02-01</subfield>
    <subfield code="f">00000</subfield>
    <subfield code="l">0</subfield>
    <subfield code="o">891.413 Bh 469 Ba</subfield>
    <subfield code="p">2276/As</subfield>
    <subfield code="r">2024-01-13 00:00:00</subfield>
    <subfield code="t">4</subfield>
    <subfield code="w">2012-02-01</subfield>
    <subfield code="y">BK</subfield>
  </datafield>
  <datafield tag="952" ind1=" " ind2=" ">
    <subfield code="0">0</subfield>
    <subfield code="1">0</subfield>
    <subfield code="4">0</subfield>
    <subfield code="7">0</subfield>
    <subfield code="a">SKBL</subfield>
    <subfield code="b">SKBL</subfield>
    <subfield code="c">T/G-Assamese</subfield>
    <subfield code="d">2012-02-01</subfield>
    <subfield code="f">00000</subfield>
    <subfield code="l">0</subfield>
    <subfield code="o">891.413 Bh 469 Ba</subfield>
    <subfield code="p">2277/As</subfield>
    <subfield code="r">2024-01-13 00:00:00</subfield>
    <subfield code="t">3</subfield>
    <subfield code="w">2012-02-01</subfield>
    <subfield code="y">BK</subfield>
  </datafield>
  <datafield tag="952" ind1=" " ind2=" ">
    <subfield code="0">0</subfield>
    <subfield code="1">0</subfield>
    <subfield code="4">0</subfield>
    <subfield code="7">0</subfield>
    <subfield code="8">General </subfield>
    <subfield code="a">SKBL</subfield>
    <subfield code="b">SKBL</subfield>
    <subfield code="c">G-Assamese</subfield>
    <subfield code="d">2012-02-01</subfield>
    <subfield code="f">00000</subfield>
    <subfield code="l">0</subfield>
    <subfield code="o">891.413 Bh 469 Ba</subfield>
    <subfield code="p">3973/As</subfield>
    <subfield code="r">2024-01-13 00:00:00</subfield>
    <subfield code="t">1</subfield>
    <subfield code="w">2012-02-01</subfield>
    <subfield code="y">BK</subfield>
  </datafield>
  <datafield tag="999" ind1=" " ind2=" ">
    <subfield code="c">16343</subfield>
    <subfield code="d">16343</subfield>
  </datafield>
</record>
